000 00496ntaaa2200181 4500
003 01
005 20251027201806.0
008 0714s1973 ag 01
040 _aAR-BaBN
_bspa
_cAR-BaBN
_eaacr
_dRIC
082 _a242.0000 H18
100 _aHamón, Andrés
_916352
245 _aMeditaciones
250 _a1 ed.
260 _aBuenos Aires :
_bEditorial Guadalupa,
_c1945
300 _a2 tomos (I y III)
500 _aPara uso del clero y de los fieles para todos los días del año
942 _cBK
999 _c12567
_d12567